[Event "Groningen op-B 57th"]
[Site "Groningen"]
[Date "2019.12.26"]
[Round "5"]
[White "Novotny, David"]
[Black "Bosker, Peter"]
[Result "1-0"]
[WhiteElo "1810"]
[BlackElo "2075"]
[PlyCount "75"]
[EventDate "2019.12.21"]
[EventType "swiss"]
[EventRounds "9"]
[EventCountry "NED"]
[SourceTitle "CBM 194 Extra"]
[Source "ChessBase"]
[SourceDate "2020.03.31"]
[SourceVersion "1"]
[SourceVersionDate "2020.03.31"]
[SourceQuality "1"]

1. d4 Nf6 2. Nc3 g6 3. e4 d6 4. Bf4 Bg7 5. Qd2 0-0 6. Nf3 Bg4 7. 0-0-0 Nc6 8. Qe3 Bxf3 9. gxf3 Qc8 10. Bh6 e5 11. Bxg7 Kxg7 12. d5 Ne7 13. h4 Nh5 14. Bh3 Qe8 15. Ne2 f5 16. f4 exf4 17. Qc3+ Kh6 18. Nd4 c5 19. Ne6 Qa4 20. Nxf8 Rxf8 21. e5 Qe4 22. Rhe1 Nxd5 23. Qb3 Ne3 24. fxe3 f3 25. exd6 Qxh4 26. Bf1 Ng3 27. Qxb7 f2 28. Re2 Qa4 29. Rxf2 Qxa2 30. Rh2+ Kg5 31. Qe7+ Rf6 32. Rg2 Qa1+ 33. Kd2 Qxb2 34. Rxg3+ Kh4 35. Rh3+ Kg4 36. Be2+ Kxh3 37. Qxh7+ Kg2 38. Qh1+ 1-0

[Event "Groningen op-B 57th"]
[Site "Groningen"]
[Date "2019.12.23"]
[Round "3"]
[White "Kunnen, Ruurd"]
[Black "Bosker, Peter"]
[Result "1/2-1/2"]
[WhiteElo "1846"]
[BlackElo "2075"]
[PlyCount "37"]
[EventDate "2019.12.21"]
[EventType "swiss"]
[EventRounds "9"]
[EventCountry "NED"]
[SourceTitle "CBM 194 Extra"]
[Source "ChessBase"]
[SourceDate "2020.03.31"]
[SourceVersion "1"]
[SourceVersionDate "2020.03.31"]
[SourceQuality "1"]

1. Nf3 Nf6 2. c4 e6 3. g3 d5 4. Bg2 c6 5. b3 Nbd7 6. Bb2 Bd6 7. d4 0-0 8. 0-0 Qe7 9. Ne5 Rd8 10. Qc2 Nf8 11. Nd2 Ng6 12. e4 dxe4 13. Nxe4 Nxe4 14. Qxe4 Nxe5 15. dxe5 Bc5 16. Rad1 Bd7 17. Rd3 Be8 18. Rfd1 Rxd3 19. Qxd3 1/2-1/2

[Event "Groningen op-B 57th"]
[Site "Groningen"]
[Date "2019.12.22"]
[Round "2"]
[White "Bosker, Peter"]
[Black "Klein, Jorik"]
[Result "1/2-1/2"]
[WhiteElo "2075"]
[BlackElo "1859"]
[PlyCount "129"]
[EventDate "2019.12.21"]
[EventType "swiss"]
[EventRounds "9"]
[EventCountry "NED"]
[SourceTitle "CBM 194 Extra"]
[Source "ChessBase"]
[SourceDate "2020.03.31"]
[SourceVersion "1"]
[SourceVersionDate "2020.03.31"]
[SourceQuality "1"]

1. d4 Nf6 2. Nf3 g6 3. c4 Bg7 4. Nc3 0-0 5. e4 d6 6. Be2 e5 7. 0-0 Nc6 8. d5 Ne7 9. b4 a5 10. Ba3 axb4 11. Bxb4 Re8 12. c5 dxc5 13. Bxc5 c6 14. dxc6 Nxc6 15. Qxd8 Rxd8 16. Bc4 h6 17. h3 Nd7 18. Be3 Nf8 19. Rab1 Ne6 20. Nd5 Ra4 21. Nb6 Rb4 22. a3 Rxb1 23. Rxb1 Na5 24. Bd5 Nc7 25. Ba2 Be6 26. Nd5 Ne8 27. Rb5 Nc6 28. Rxb7 Nd6 29. Rc7 Nxe4 30. Ne7+ Nxe7 31. Bxe6 Re8 32. Bc4 Nd6 33. Bf1 Nd5 34. Ra7 Nxe3 35. fxe3 e4 36. Nd2 Nf5 37. Bc4 Nd6 38. Bd5 Re5 39. Ba2 Bf8 40. a4 Be7 41. Nc4 Nxc4 42. Bxc4 Rc5 43. Bd5 Rxd5 44. Rxe7 f5 45. Ra7 Rd2 46. a5 Ra2 47. a6 g5 48. g3 Kf8 49. Kf1 Ke8 50. Ke1 Kd8 51. h4 gxh4 52. gxh4 Kc8 53. Rf7 Rxa6 54. Rxf5 Rg6 55. Kd2 Rd6+ 56. Ke2 Kd7 57. Rf4 Re6 58. Kf2 Kd6 59. Kg3 Ke5 60. h5 Re7 61. Rf8 Rg7+ 62. Kh4 Rg1 63. Re8+ Kf5 64. Rf8+ Ke5 65. Re8+ 1/2-1/2

[Event "Groningen op-B 57th"]
[Site "Groningen"]
[Date "2019.12.21"]
[Round "1"]
[White "Blok, Ronald A"]
[Black "Bosker, Peter"]
[Result "0-1"]
[WhiteElo "1814"]
[BlackElo "2075"]
[PlyCount "100"]
[EventDate "2019.12.21"]
[EventType "swiss"]
[EventRounds "9"]
[EventCountry "NED"]
[SourceTitle "CBM 194 Extra"]
[Source "ChessBase"]
[SourceDate "2020.03.31"]
[SourceVersion "1"]
[SourceVersionDate "2020.03.31"]
[SourceQuality "1"]

1. d4 Nf6 2. c4 c5 3. d5 g6 4. Nc3 Bg7 5. g3 0-0 6. Bg2 d6 7. e4 e6 8. Nge2 exd5 9. exd5 Nbd7 10. Bf4 Ne8 11. 0-0 Ne5 12. Bxe5 Bxe5 13. h3 f5 14. f4 Bg7 15. Qd3 a6 16. Rae1 Rb8 17. a4 Bd7 18. Kh2 Nc7 19. Rf3 b5 20. axb5 axb5 21. b3 bxc4 22. bxc4 Rb3 23. Rb1 Qb8 24. Rxb3 Qxb3 25. Nd1 Qb4 26. Bf1 Ba4 27. Nec3 Bb3 28. Re3 Bd4 29. Re7 Rf7 30. Rxf7 Kxf7 31. g4 fxg4 32. hxg4 Bxd1 33. Nxd1 Qe1 34. Qe2 Qh4+ 35. Bh3 g5 36. Ne3 gxf4 37. Nf5 Qf6 38. g5 Qe5 39. Qh5+ Kf8 40. Nxd4 cxd4 41. Qxh7 Qxg5 42. Qf5+ Qxf5 43. Bxf5 Ke7 44. Kg2 Kf6 45. Bc8 Ke5 46. Kf3 d3 47. Bb7 Ne8 48. Bc8 Ng7 49. Bh3 Nf5 50. Bf1 Nd4+ 0-1

[Event "Groningen op-A 50th"]
[Site "Groningen"]
[Date "2012.12.27"]
[Round "6"]
[White "Bosker, Peter"]
[Black "Pacher, Milan"]
[Result "1/2-1/2"]
[WhiteElo "2170"]
[BlackElo "2436"]
[PlyCount "80"]
[EventDate "2012.12.21"]
[EventType "swiss"]
[EventRounds "9"]
[EventCountry "NED"]
[SourceTitle "CBM 152 Extra"]
[Source "ChessBase"]
[SourceDate "2013.02.25"]
[SourceVersion "1"]
[SourceVersionDate "2013.02.25"]
[SourceQuality "1"]

1. d4 Nf6 2. c4 g6 3. Nc3 d5 4. cxd5 Nxd5 5. e4 Nxc3 6. bxc3 Bg7 7. Bc4 0-0 8. Be3 Nc6 9. h4 e5 10. Ne2 exd4 11. cxd4 Qe7 12. Qc2 Nb4 13. Qd2 c5 14. f3 cxd4 15. Bg5 Qd6 16. Bf4 Qb6 17. Rb1 a5 18. a3 d3 19. axb4 dxe2 20. Be3 Qc7 21. Qxe2 axb4 22. 0-0 Ra3 23. Bd5 Be6 24. Bxe6 fxe6 25. h5 gxh5 26. Rxb4 Qc3 27. Bd2 Qc5+ 28. Qf2 Qxf2+ 29. Rxf2 Rd8 30. Bg5 Rd1+ 31. Kh2 Be5+ 32. g3 Raa1 33. f4 Bd4 34. Rc2 b6 35. Rc8+ Kf7 36. Rc7+ Kg6 37. Rc2 Bc5 38. Rbb2 h4 39. Bxh4 Kh5 40. Kh3 Rh1+ 1/2-1/2

[Event "Groningen op-A 50th"]
[Site "Groningen"]
[Date "2012.12.24"]
[Round "4"]
[White "Bosker, Peter"]
[Black "Mammadova, Gulnar Marfat Qizi"]
[Result "1/2-1/2"]
[WhiteElo "2170"]
[BlackElo "2363"]
[PlyCount "105"]
[EventDate "2012.12.21"]
[EventType "swiss"]
[EventRounds "9"]
[EventCountry "NED"]
[SourceTitle "CBM 152 Extra"]
[Source "ChessBase"]
[SourceDate "2013.02.25"]
[SourceVersion "1"]
[SourceVersionDate "2013.02.25"]
[SourceQuality "1"]

1. e4 e6 2. d4 d5 3. exd5 exd5 4. Bd3 Bd6 5. Ne2 Nf6 6. 0-0 c6 7. Bf4 0-0 8. c3 Re8 9. Bxd6 Qxd6 10. Qd2 Nbd7 11. Qf4 Qxf4 12. Nxf4 Nb6 13. Na3 Na4 14. Rab1 g5 15. Ne2 Bf5 16. Bxf5 Rxe2 17. Bc2 b5 18. Bxa4 bxa4 19. Rfe1 Rd2 20. Red1 Re2 21. Re1 Rd2 22. Red1 Rxd1+ 23. Rxd1 Rb8 24. Rd2 Ne4 25. Rc2 Nd6 26. f3 Kg7 27. Kf2 h5 28. Ke3 Re8+ 29. Kf2 a6 30. Re2 Rb8 31. Ke3 Kf6 32. Kd3 g4 33. c4 gxf3 34. gxf3 h4 35. Kc3 Nf5 36. cxd5 cxd5 37. Nc2 a5 38. Ne3 Nxe3 39. Rxe3 Rc8+ 40. Kd3 Rc1 41. Re5 Rh1 42. Rxd5 Rxh2 43. Rxa5 Rxb2 44. Rxa4 h3 45. d5 h2 46. Rh4 Rxa2 47. Rh5 Kg6 48. Rh3 Kf5 49. Ke3 Ke5 50. Rh5+ f5 51. d6 Ra3+ 52. Kf2 Kxd6 53. Kg3 1/2-1/2

[Event "Groningen SO ON op A"]
[Site "Groningen"]
[Date "2001.??.??"]
[Round "8.9"]
[White "Bosker, Peter"]
[Black "Jelic, Bruno"]
[Result "1-0"]
[WhiteElo "1989"]
[BlackElo "1987"]
[PlyCount "71"]
[EventDate "2001.12.22"]
[EventType "swiss"]
[EventRounds "9"]
[EventCountry "NED"]
[SourceTitle "EXT 2003"]
[Source "ChessBase"]
[SourceDate "2002.11.25"]
[SourceVersion "1"]
[SourceVersionDate "2002.11.25"]
[SourceQuality "1"]

1. d4 Nf6 2. c4 g6 3. Nc3 Bg7 4. e4 d6 5. Nf3 0-0 6. Be2 e5 7. 0-0 Nc6 8. d5 Ne7 9. b4 Nh5 10. Re1 Nf4 11. Bf1 f5 12. c5 fxe4 13. Nxe4 Bg4 14. Neg5 h6 15. h3 Bf5 16. Bxf4 exf4 17. Ne6 Bxe6 18. Rxe6 dxc5 19. d6 cxd6 20. Rxd6 Qc8 21. Rc1 b6 22. Bc4+ Kh7 23. Be6 Qe8 24. bxc5 bxc5 25. Rxc5 Nc8 26. Rdc6 Nb6 27. Bb3 Rd8 28. Qc2 Nd7 29. Re6 Qf7 30. Rcc6 Nb8 31. Rxg6 Qf5 32. Qxf5 Rxf5 33. Rce6 Rc5 34. Rg4 Nd7 35. Re7 Rc1+ 36. Kh2 1-0